Quiz Arsenal Valorant - Statistiques

Statistiques générales
  • Ce quiz a été pris 56 fois
    47 depuis la dernière actualisation
  • Le résultat moyen est 17 sur 19
Statistiques - réponses
Style d'arme Nom de l'arme PRIX % Correct
1 ARMES DE POING CLASSIC 0 $
100%
4 ARMES DE POING GHOST 500 $
100%
12 FUSILS PHANTOM 2900 $
100%
7 PM SPECTRE 1600 $
100%
13 FUSILS VANDAL 2900 $
100%
10 FUSILS BULLDOG 2050 $
97%
14 SNIPERS MARSHAL 950 $
97%
18 MITRAILLEUSES ODIN 3200 $
97%
16 SNIPERS OPERATOR 4700 $
97%
17 MITRAILLEUSES ARES 1600 $
93%
11 FUSILS GUARDIAN 2250 $
93%
9 FUSILS À POMPE JUDGE 1850 $
93%
8 FUSILS À POMPE BUCKY 1850 $
90%
3 ARMES DE POING FRENZY 450 $
90%
15 SNIPERS Outlaw 2400 $
90%
5 ARMES DE POING SHERIFF 800 $
90%
2 ARMES DE POING SHORTY 300 $
86%
6 PM STINGER 1100 $
83%
19 MÊLÉE COUTEAU TACTIQUE 0 $
3%
Aucun quiz correspondant
Distribution des résultats
% des personnes avec chaque résultat
Percentile par nombre de réponses
Votre historique - résultats
Vous n’avez pas pris ce quiz depuis la dernière actualisation